| 000 | 00777nam a22002057a 4500 | ||
|---|---|---|---|
| 999 |
_c65717 _d65717 |
||
| 005 | 20240530110839.0 | ||
| 008 | 191223s f 000 0 ara d | ||
| 017 | _bمصر. دار الكتب | ||
| 040 |
_aEG-CaGPL _cEG-CaGPL |
||
| 082 |
_221 _a916.214 _bق/ع ع |
||
| 100 | 0 | _aعبدالمنصف محمود | |
| 245 | 1 | 0 |
_aعلى ضفاف بحيرات مصر : _bبحيرة المنزلة -بحيرة البرلس / _cتاليف عبدالمنصف محمود _nالجزء الاول |
| 260 | _aالقاهرة : | ||
| 300 |
_a195ص. : _c24 سم . |
||
| 650 | 0 | 7 |
_2qrmak _aالبحيرات _vبحيرة المنزلة _vبحيرة البرلس _zمصر |
| 651 | _2qrmak | ||
| 653 | _aبحيرات مصر | ||
| 942 |
_2ddc _cBK |
||